000 00328nam a2200133Ia 4500
008 190722s9999 xx 000 0 und d
020 _a978-81-224-3352-4
100 _aP.C Rakshit
245 0 _aFoundations of Electronics
250 _a3rd
260 _aNew Delhi
_bNew Age international
_c2015
300 _a347
942 _cBK
999 _c996
_d996